[Event "Women's Speed Chess Q2"]
[Site "chess.com INT"]
[Date "2020.06.19"]
[Round "3"]
[White "Nguyen, Thi Mai Hung"]
[Black "Balabayeva, Xeniya"]
[Result "1-0"]
[WhiteTitle "WGM"]
[BlackTitle "WFM"]
[WhiteElo "2258"]
[BlackElo "2146"]
[WhiteFideId "12401676"]
[BlackFideId "13719688"]
[EventDate "2020.06.19"]

1. d4 Nf6 2. Nf3 d5 3. Bf4 c5 4. e3 Nc6 5. c3 Qb6 6. Qc2 g6 7. Nbd2 Bf5 8. dxc5
Qxc5 9. Qb3 Na5 10. Bb5+ Bd7 11. Bxd7+ Nxd7 12. Qa4 Nc6 13. O-O Bg7 14. Rfd1 e5
15. Bg3 Nb6 16. Qh4 O-O 17. Nb3 Qd6 18. Ng5 h6 19. Ne4 Qe7 20. Nec5 g5 21. Qh5
f5 22. h3 Rae8 23. a4 Rd8 24. a5 Nc4 25. a6 b6 26. Nb7 Rd7 27. Rab1 Qe6 28. Qe2
Nd6 29. Nxd6 Rxd6 30. Nd2 Re8 31. Nf3 Rdd8 32. Rd2 Na5 33. Rbd1 Nc4 34. Rc2 Nd6
35. Bh2 Ne4 36. Nd2 Nc5 37. b4 Nd7 38. Nb3 Nf6 39. f3 d4 40. c4 dxe3 41. Rxd8
Rxd8 42. Qxe3 Rd1+ 43. Kf2 Nd7 44. Qe2 Rd6 45. Kg1 f4 46. Kf1 Qg6 47. Bg1 Qd3
48. Qxd3 Rxd3 49. Nc1 Rd1+ 50. Kf2 Rxg1 51. Kxg1 Kf7 52. Ne2 Ke6 53. Nc3 Bf8 54.
Ne4 Bxb4 55. Kf2 Bc5+ 56. Ke2 Bd4 57. Kd3 Nc5+ 58. Nxc5+ Bxc5 59. Ke4 Bd4 60.
Rd2 h5 61. Rd1 h4 62. Rb1 Kd6 63. Rb5 Kc6 64. Kf5 Kd6 65. Kxg5 Bf2 66. Kf5 Bd4
67. Kg4 Bf2 68. Kf5 Bd4 69. Rd5+ Kc6 70. Kg4 Bf2 71. Rxe5 Bd4 72. Rd5 Bf2 73.
Kxf4 Bg3+ 74. Ke4 b5 75. Rxb5 Bf2 76. f4 Bg3 77. f5 1-0

[Event "Women's Speed Chess Q2"]
[Site "chess.com INT"]
[Date "2020.06.19"]
[Round "3"]
[White "Yu, Jennifer"]
[Black "Mammadova, Gulnar"]
[Result "1-0"]
[WhiteTitle "FM"]
[BlackTitle "IM"]
[WhiteElo "2315"]
[BlackElo "2382"]
[WhiteFideId "2078341"]
[BlackFideId "13403508"]
[EventDate "2020.06.19"]

1. d4 e6 2. c4 f5 3. Nc3 Nf6 4. g3 Be7 5. Bg2 O-O 6. Nf3 d6 7. O-O c6 8. Ne1 e5
9. e4 fxe4 10. Nxe4 Bf5 11. Nc3 Nbd7 12. h3 Bg6 13. Be3 Qc7 14. Nd3 Rad8 15. Qe2
Rde8 16. dxe5 dxe5 17. Rad1 Bf7 18. b3 b6 19. Ne4 Nxe4 20. Bxe4 Nf6 21. Bg2 Bh5
22. g4 Bg6 23. f4 exf4 24. Bxf4 Qc8 25. Qb2 Ne4 26. Be5 Bf6 27. Bxf6 Rxf6 28.
Bxe4 Rxf1+ 29. Rxf1 Bxe4 30. Ne5 Qe6 31. Nf7 Rf8 32. Ng5 Rxf1+ 33. Kxf1 Bd3+ 34.
Kf2 Qd6 35. Nf3 Be4 36. Qd4 Qf4 37. Qd8+ Kf7 38. Qd7+ Kf6 39. g5+ Kg6 40. Qe8+
Qf7 41. Qxe4+ Kh5 42. Qg4+ Kg6 43. Kg2 Qe7 44. Nh4+ Kf7 45. Qf5+ Kg8 46. Nf3
Qe2+ 47. Kg3 Qe8 48. Qf4 g6 49. Ne5 Qe7 50. Ng4 Qe6 51. Nf6+ Kf7 52. Qc7+ Kf8
53. Qd8+ Kf7 54. Qd7+ Qxd7 55. Nxd7 Ke7 56. Nf6 h5 57. Kf4 a5 58. Ke5 Kf7 59. h4
Ke7 60. Ne4 c5 61. Nd6 Kd7 62. Nf7 Ke7 63. Nd6 Kd7 64. Kd5 Kc7 65. Nf7 Kd7 66.
Ne5+ Ke7 67. Nxg6+ Kf7 68. Nf4 Kg7 69. Nxh5+ Kg6 70. Ng3 Kg7 71. h5 Kf7 72. Nf5
b5 73. g6+ Kf6 74. g7 Kf7 75. h6 bxc4 76. Kxc4 a4 77. Nd6+ Kf6 78. g8=Q axb3 79.
axb3 Ke5 80. h7 Kf4 81. Qf7+ Ke3 82. Qe6+ Kd2 83. h8=Q Kc2 84. Qe2+ Kb1 85. Qh1# 1-0

[Event "Women's Speed Chess Q2"]
[Site "chess.com INT"]
[Date "2020.06.19"]
[Round "3"]
[White "Lahav, Michal"]
[Black "Perez Rodriguez, Jennifer"]
[Result "1-0"]
[WhiteTitle "WIM"]
[BlackTitle "WIM"]
[WhiteElo "2219"]
[BlackElo "2251"]
[WhiteFideId "2813742"]
[BlackFideId "3507831"]
[EventDate "2020.06.19"]

1. Nf3 Nf6 2. g3 e6 3. Bg2 d5 4. O-O Be7 5. b3 O-O 6. Bb2 c5 7. c4 d4 8. e3 Nc6
9. exd4 cxd4 10. d3 Ne8 11. Re1 f6 12. Nbd2 e5 13. h3 a5 14. g4 Nc7 15. Ne4 Ne6
16. Bc1 Bb4 17. Bd2 Bxd2 18. Nfxd2 Nf4 19. Nf1 Nb4 20. Nc5 Qc7 21. a3 Qxc5 22.
axb4 Qxb4 23. Ng3 Bd7 24. Kh2 Bc6 25. Bxc6 bxc6 26. Nf5 g6 27. Ra4 Qc5 28. Ng3
Rfb8 29. Ne4 Qe7 30. Rg1 Rb4 31. g5 f5 32. Nf6+ Kf7 33. Qd2 Rxb3 34. Rg3 Rb4 35.
Qa2 Rxa4 36. Qxa4 c5 37. Qc6 Rd8 38. Qb6 h6 39. Qxa5 hxg5 40. Nd5 Nxd5 41. cxd5
Rxd5 42. Qa2 Qe6 43. Rxg5 Kf6 44. Rg2 Rd7 45. Qa8 Rh7 46. Qf8+ Qf7 47. Qxc5 Rh5
48. Qd6+ Kg7 49. Qxe5+ Qf6 50. Qc7+ Kh6 51. Qf4+ Kg7 52. Qc7+ Qf7 53. Qe5+ Kh7
54. Qxd4 f4 55. Qe4 f3 56. Rg3 Qf5 57. Qxf3 Qe6 58. Qg4 Rf5 59. Qh4+ Kg7 60. Kg1
Qe1+ 61. Kg2 Qxf2+ 62. Kh1 Qf1+ 63. Rg1 Qf3+ 64. Kh2 Qf2+ 65. Qxf2 Rxf2+ 66. Rg2
Rf3 67. Rg3 Rf2+ 68. Rg2 Rf3 69. Rg3 Rf4 70. Kg2 Kf6 71. Rf3 Rxf3 72. Kxf3 Ke5
73. Kg4 Kd4 74. Kg5 Kxd3 75. Kxg6 Ke4 76. h4 1-0

[Event "Women's Speed Chess Q2"]
[Site "chess.com INT"]
[Date "2020.06.19"]
[Round "3"]
[White "Ovezdurdiyeva, Jemal"]
[Black "Kaya, Emel"]
[Result "1-0"]
[WhiteTitle "WFM"]
[BlackTitle "WCM"]
[WhiteElo "2061"]
[BlackElo "1912"]
[WhiteFideId "14001888"]
[BlackFideId "6306411"]
[EventDate "2020.06.19"]

1. d4 d5 2. c4 dxc4 3. Nc3 e5 4. d5 Nf6 5. e4 c6 6. Bxc4 Bb4 7. Bg5 Qa5 8. Qd3
cxd5 9. Bxd5 Nxd5 10. exd5 O-O 11. Ne2 Na6 12. O-O Nc5 13. Qg3 Bf5 14. Qxe5 Bg6
15. a3 Bxc3 16. Nxc3 Nd3 17. Qe2 Rfe8 18. Qd2 Rac8 19. d6 Ne5 20. b4 Qa6 21. d7
Nxd7 22. Qxd7 f6 23. Bd2 Red8 24. b5 Qb6 25. Be3 Rxd7 26. Bxb6 axb6 27. Na4 Rd6
28. Rfc1 Rcd8 29. h3 Bd3 30. Rc7 Bxb5 31. Nc3 Bc6 32. Rb1 R8d7 33. Rc8+ Kf7 34.
Rxb6 Rd3 35. Nb5 Rd1+ 36. Kh2 R7d2 37. Na7 Rxf2 38. Nxc6 bxc6 39. Rcxc6 Kg6 40.
Rb3 Rdd2 41. Rg3+ Kf7 42. Rc7+ Ke6 43. Rcxg7 f5 44. Rxh7 f4 45. Rg6+ Kf5 46. Rg8
f3 47. Rhg7 fxg2 48. Rxg2 Rxg2+ 49. Rxg2 Rd3 50. Rg3 Rd2+ 51. Kg1 Ra2 52. Rc3
Kg5 53. Rg3+ Kf4 54. Rb3 Kg5 55. Rc3 Kh4 56. Rd3 Kg5 57. Kf1 Kh4 58. Ke1 Kg5 59.
Kd1 Kf4 60. Kc1 Rh2 61. Kb1 Ke4 62. Rb3 Kd4 63. Rg3 Rh1+ 64. Kb2 Rh2+ 65. Kb3
Kc5 66. a4 Rh1 67. Rg5+ Kb6 68. Rh5 Rb1+ 69. Ka2 Rb4 70. Ka3 Rb1 71. a5+ Ka6 72.
Ka2 Rb4 73. h4 Rf4 74. Kb3 Rf3+ 75. Kc4 Rf4+ 76. Kd3 Ra4 77. Ke3 Ra3+ 78. Kf4
Ra4+ 79. Kg5 Rxa5+ 80. Kg6 Ra4 81. Rh8 Kb6 82. h5 Kc6 83. h6 Kd6 84. h7 Rg4+ 85.
Kf5 Rg7 86. Kf6 Rg1 87. Rd8+ Kc7 88. h8=Q 1-0

[Event "Women's Speed Chess Q2"]
[Site "chess.com INT"]
[Date "2020.06.19"]
[Round "4"]
[White "Vijayalakshmi, Subbaraman"]
[Black "Tereladze, Sopiko"]
[Result "1-0"]
[WhiteTitle "IM"]
[BlackTitle "WIM"]
[WhiteElo "2332"]
[BlackElo "2141"]
[WhiteFideId "5004098"]
[BlackFideId "13600486"]
[EventDate "2020.06.19"]

1. d3 e5 2. Nf3 d6 3. g3 g6 4. Bg2 Bg7 5. O-O f5 6. c4 Nf6 7. Nc3 O-O 8. Rb1 c6
9. b4 Kh8 10. a4 Be6 11. b5 h6 12. Ba3 Re8 13. Qc2 c5 14. Nh4 Qc7 15. Nxg6+ Kh7
16. Nh4 Nbd7 17. Nd5 Rf8 18. Nxc7 1-0

[Event "Women's Speed Chess Q2"]
[Site "chess.com INT"]
[Date "2020.06.19"]
[Round "4"]
[White "Dordzhieva, Dinara"]
[Black "Protopopova, Anastasiya"]
[Result "1-0"]
[WhiteTitle "WIM"]
[BlackTitle "WFM"]
[WhiteElo "2354"]
[BlackElo "2192"]
[WhiteFideId "24157570"]
[BlackFideId "24172073"]
[EventDate "2020.06.19"]

1. d4 Nf6 2. c4 e6 3. g3 c5 4. Nf3 cxd4 5. Nxd4 Nc6 6. Bg2 Bb4+ 7. Bd2 Qb6 8.
Nb3 O-O 9. Nc3 d5 10. cxd5 exd5 11. O-O Be6 12. Be3 Qa5 13. Nxa5 1-0

[Event "Women's Speed Chess Q2"]
[Site "chess.com INT"]
[Date "2020.06.19"]
[Round "4"]
[White "Jannatul, Ferdous"]
[Black "Zvereva, Margarita"]
[Result "0-1"]
[WhiteTitle "WCM"]
[BlackTitle "WFM"]
[WhiteElo "1844"]
[BlackElo "1929"]
[WhiteFideId "10212590"]
[BlackFideId "34177741"]
[EventDate "2020.06.19"]

1. e4 c5 2. Nf3 d6 3. d4 cxd4 4. Nxd4 Nf6 5. Nc3 a6 6. Be3 e5 7. Nb3 Be7 8. f3
Be6 9. Qd2 O-O 10. Be2 Nbd7 11. O-O b5 12. Rad1 Nb6 13. Na5 Qc7 14. Nd5 Nbxd5
15. exd5 Nxd5 16. Bf2 Nf4 17. Nb3 Nxe2+ 18. Qxe2 Bc4 0-1

[Event "Women's Speed Chess Q2"]
[Site "chess.com INT"]
[Date "2020.06.19"]
[Round "4"]
[White "Hernandez Bonilla, Amelia"]
[Black "Solozhenkina, Elizaveta"]
[Result "0-1"]
[WhiteTitle "WFM"]
[BlackTitle "WIM"]
[WhiteElo "2016"]
[BlackElo "2301"]
[WhiteFideId "3900193"]
[BlackFideId "34106615"]
[EventDate "2020.06.19"]

1. e4 c6 2. d4 d5 3. exd5 cxd5 4. c4 Nf6 5. Nc3 e6 6. Nf3 Be7 7. Bd3 O-O 8. O-O
Nc6 9. a3 dxc4 10. Bxc4 b6 11. Bb3 Na5 12. Bc2 Bb7 13. Ne5 Rc8 14. Qd3 Nc6 15.
Ng4 g6 16. Nxf6+ Bxf6 17. d5 Ne5 18. Qe2 exd5 19. Bf4 Re8 20. Rad1 Nc4 21. Qg4
Nxb2 22. Rd2 Rxc3 0-1

[Event "Women's Speed Chess Q2"]
[Site "chess.com INT"]
[Date "2020.06.19"]
[Round "4"]
[White "Khotenashvili, Bela"]
[Black "Michelle Catherina, P"]
[Result "1-0"]
[WhiteTitle "GM"]
[BlackTitle "WIM"]
[WhiteElo "2458"]
[BlackElo "2176"]
[WhiteFideId "13602640"]
[BlackFideId "5005736"]
[EventDate "2020.06.19"]

1. d4 Nf6 2. c4 e6 3. g3 d5 4. Nf3 Bb4+ 5. Nc3 O-O 6. Bg2 c5 7. O-O cxd4 8. Qxd4
Nc6 9. Qd3 dxc4 10. Qxc4 Qe7 11. a3 Bd6 12. Nb5 Bc5 13. b4 Bb6 14. Bg5 h6 15.
Bxf6 Qxf6 16. Nd6 e5 17. Rad1 Be6 18. Qe4 Bf5 19. Qxf5 1-0

[Event "Women's Speed Chess Q2"]
[Site "chess.com INT"]
[Date "2020.06.19"]
[Round "4"]
[White "Koridze, Lile"]
[Black "Tsotsonava, Elene"]
[Result "1-0"]
[WhiteTitle "WFM"]
[BlackTitle "WFM"]
[WhiteElo "1996"]
[BlackElo "2012"]
[WhiteFideId "13612514"]
[BlackFideId "13615939"]
[EventDate "2020.06.19"]

1. d4 d5 2. c4 dxc4 3. Nc3 Nf6 4. e3 c5 5. Bxc4 e6 6. Nf3 cxd4 7. exd4 Nc6 8.
O-O Be7 9. Be3 O-O 10. h3 b6 11. Qe2 Bb7 12. Rfd1 Rc8 13. Rac1 Nb4 14. Ne5 Nbd5
15. Bb3 Bb4 16. Nb5 a6 17. Na7 Rxc1 18. Rxc1 Nxe3 19. Qxe3 Nd5 20. Qg3 Bd2 21.
Nac6 Qd6 22. Bxd5 Bxc1 23. Ng6 Qxg3 24. Nce7# 1-0

[Event "Women's Speed Chess Q2"]
[Site "chess.com INT"]
[Date "2020.06.19"]
[Round "4"]
[White "Fuentes Inzunza, Lesly"]
[Black "Efimenko, Maria"]
[Result "0-1"]
[WhiteTitle "WFM"]
[BlackTitle "WIM"]
[WhiteElo "1840"]
[BlackElo "2245"]
[WhiteFideId "3408205"]
[BlackFideId "14124327"]
[EventDate "2020.06.19"]

1. d4 d6 2. Nf3 Nf6 3. g3 g6 4. Bg2 Bf5 5. O-O Bg7 6. c4 O-O 7. Qb3 Qc8 8. Nc3
Nc6 9. d5 Na5 10. Qa4 b6 11. Nh4 Bh3 12. Re1 Bxg2 13. Nxg2 c5 14. e4 Ng4 15. Bd2
Ne5 16. b3 Nf3+ 17. Kh1 Qh3 0-1

[Event "Women's Speed Chess Q2"]
[Site "chess.com INT"]
[Date "2020.06.19"]
[Round "4"]
[White "Tarasova, Viktoriya"]
[Black "Sowa, Wiktoria"]
[Result "1-0"]
[WhiteTitle "WIM"]
[BlackTitle "WFM"]
[WhiteElo "2226"]
[BlackElo "2093"]
[WhiteFideId "4175840"]
[BlackFideId "21836701"]
[EventDate "2020.06.19"]

1. d4 Nf6 2. c4 g6 3. Nc3 d5 4. cxd5 Nxd5 5. g3 Bg7 6. Bg2 Nb6 7. Nf3 O-O 8. O-O
Nc6 9. e3 e5 10. d5 Ne7 11. e4 f5 12. Ng5 h6 13. Ne6 Bxe6 14. dxe6 Qe8 15. Qb3
Kh8 16. a4 a5 17. Nb5 Qc8 18. Bd2 c6 19. Nd6 Qc7 20. Nf7+ Kh7 21. Be3 Nbc8 22.
Rfd1 Rxf7 23. exf7 Nd6 24. Bb6 Qb8 25. Bc5 Nec8 26. Qe6 Nxe4 27. Bxe4 fxe4 28.
f8=Q Bxf8 29. Bxf8 Qc7 30. Rd7+ 1-0

[Event "Women's Speed Chess Q2"]
[Site "chess.com INT"]
[Date "2020.06.19"]
[Round "4"]
[White "Borisova, Ekaterina"]
[Black "Ziegenfuss, Antonia"]
[Result "1-0"]
[WhiteTitle "FM"]
[BlackTitle "WFM"]
[WhiteElo "2283"]
[BlackElo "2101"]
[WhiteFideId "34124184"]
[BlackFideId "12962554"]
[EventDate "2020.06.19"]

1. d4 Nf6 2. c4 e6 3. g3 d5 4. Nf3 dxc4 5. Bg2 Bd7 6. Ne5 Bc6 7. Nxc6 Nxc6 8.
O-O Qd7 9. e3 O-O-O 10. Qa4 Nd5 11. Qxc4 h5 12. Bd2 h4 13. Rc1 Be7 14. b4 Bxb4
15. Nc3 Bxc3 16. Bxc3 hxg3 17. hxg3 f6 18. Rab1 g5 19. Qb5 Nb6 20. a4 Rdg8 21.
a5 Nd5 22. Qxb7+ Kd8 23. Bd2 Nxa5 24. Bxa5 1-0

[Event "Women's Speed Chess Q2"]
[Site "chess.com INT"]
[Date "2020.06.19"]
[Round "4"]
[White "Lahav, Michal"]
[Black "Kovanova, Baira"]
[Result "0-1"]
[WhiteTitle "WIM"]
[BlackTitle "WGM"]
[WhiteElo "2219"]
[BlackElo "2343"]
[WhiteFideId "2813742"]
[BlackFideId "4164083"]
[EventDate "2020.06.19"]

1. e4 e5 2. Nf3 Nc6 3. Bb5 a6 4. Ba4 Nge7 5. O-O g6 6. d4 exd4 7. Nxd4 Bg7 8.
Be3 O-O 9. Nc3 b5 10. Bb3 d6 11. f3 Nxd4 12. Bxd4 Bxd4+ 13. Qxd4 c5 14. Qd3 c4
15. Bxc4 bxc4 16. Qxc4 Be6 17. Qd4 d5 18. exd5 Nxd5 19. Rad1 Nxc3 20. Qxc3 Qb6+
21. Rf2 Rfd8 22. Re1 Rac8 23. Qf6 Rd2 24. Rf1 Rxf2 25. Rxf2 Rxc2 0-1

[Event "Women's Speed Chess Q2"]
[Site "chess.com INT"]
[Date "2020.06.19"]
[Round "4"]
[White "Kashlinskaya, Alina"]
[Black "Daulyte-Cornette, Deimante"]
[Result "1-0"]
[WhiteTitle "IM"]
[BlackTitle "IM"]
[WhiteElo "2494"]
[BlackElo "2400"]
[WhiteFideId "4198026"]
[BlackFideId "12802859"]
[EventDate "2020.06.19"]

1. d4 Nf6 2. c4 b6 3. f3 Nc6 4. Nc3 d5 5. Qa4 Qd7 6. cxd5 Nxd5 7. Nxd5 Qxd5 8.
e4 Qa5+ 9. Qxa5 Nxa5 10. Be3 e6 11. Rc1 Bb4+ 12. Kf2 Kd7 13. Nh3 c6 14. Nf4 Nb7
15. Be2 Nd6 16. Nd3 c5 17. dxc5 Bxc5 18. Nxc5+ bxc5 19. Rhd1 Rd8 20. Bxc5 Ke7
21. e5 1-0

[Event "Women's Speed Chess Q2"]
[Site "chess.com INT"]
[Date "2020.06.19"]
[Round "4"]
[White "Paehtz, Elisabeth"]
[Black "Kazarian, Anna-Maja"]
[Result "1-0"]
[WhiteTitle "IM"]
[BlackTitle "FM"]
[WhiteElo "2473"]
[BlackElo "2096"]
[WhiteFideId "4641833"]
[BlackFideId "1033689"]
[EventDate "2020.06.19"]

1. d4 Nf6 2. Nf3 d5 3. Bg5 e6 4. e3 c5 5. c3 Nc6 6. Nbd2 Bd6 7. dxc5 Bxc5 8. Bd3
h6 9. Bh4 e5 10. e4 Bg4 11. Qe2 d4 12. Nb3 Bb6 13. cxd4 Nxd4 14. Nbxd4 Bxd4 15.
Bb5+ Kf8 16. O-O g5 17. Bg3 Kg7 18. h3 Bxf3 19. Qxf3 Bxb2 20. Rab1 Bd4 21. Rfd1
Qa5 22. Rxd4 exd4 23. Be5 Qb6 24. Rb3 Qe6 25. Bxd4 Rad8 26. Bc4 Qe7 27. Rxb7 Qd6
28. Rxf7+ Kg6 29. Rxf6+ 1-0

[Event "Women's Speed Chess Q2"]
[Site "chess.com INT"]
[Date "2020.06.19"]
[Round "4"]
[White "Gokbulut, Julia"]
[Black "Shevtchenko, Olesya"]
[Result "1-0"]
[WhiteTitle "WFM"]
[BlackTitle "WFM"]
[WhiteElo "1970"]
[BlackElo "2054"]
[WhiteFideId "4153979"]
[BlackFideId "24131890"]
[EventDate "2020.06.19"]

1. d4 c6 2. c4 d5 3. cxd5 cxd5 4. Nc3 Nf6 5. Nf3 e6 6. Bf4 Be7 7. e3 O-O 8. Bd3
Nc6 9. h3 Bd7 10. Rc1 Qb6 11. Qe2 Rfc8 12. O-O Be8 13. Ne5 Qd8 14. g4 Nd7 15.
Bb1 Ndxe5 16. dxe5 f6 17. exf6 Bxf6 18. Rfd1 Qe7 19. e4 d4 20. Nb5 e5 21. Bd2
Bf7 22. a4 a6 23. Na3 Bg5 24. Bxg5 Qxg5 25. Nc4 Nb4 26. Nd6 Rxc1 27. Nxf7 Kf8
28. Nxg5 Rxd1+ 29. Qxd1 1-0

[Event "Women's Speed Chess Q2"]
[Site "chess.com INT"]
[Date "2020.06.19"]
[Round "4"]
[White "Fominykh, Maria"]
[Black "Batsiashvili, Nino"]
[Result "0-1"]
[WhiteTitle "WGM"]
[BlackTitle "GM"]
[WhiteElo "2206"]
[BlackElo "2457"]
[WhiteFideId "4142411"]
[BlackFideId "13602993"]
[EventDate "2020.06.19"]

1. d4 d5 2. c4 e6 3. Nc3 c5 4. cxd5 exd5 5. Nf3 Nf6 6. g3 Nc6 7. Bg2 cxd4 8.
Nxd4 Bc5 9. Nb3 Bb6 10. O-O d4 11. Na4 O-O 12. Bg5 Re8 13. Rc1 h6 14. Bxf6 Qxf6
15. a3 Bg4 16. Re1 Rad8 17. Nxb6 axb6 18. h3 Bf5 19. Qd2 Be4 20. Qf4 Qxf4 21.
gxf4 Rd6 22. Nd2 Bxg2 23. Kxg2 Ne7 24. Rc7 Nd5 25. Kf3 Nxc7 0-1

[Event "Women's Speed Chess Q2"]
[Site "chess.com INT"]
[Date "2020.06.19"]
[Round "4"]
[White "Shpanko, Nadiia"]
[Black "Osmak, Iulija"]
[Result "0-1"]
[WhiteTitle "WIM"]
[BlackTitle "IM"]
[WhiteElo "2235"]
[BlackElo "2438"]
[WhiteFideId "14132400"]
[BlackFideId "14101602"]
[EventDate "2020.06.19"]

1. d4 e6 2. c4 f5 3. Nc3 Nf6 4. e3 d5 5. Nf3 Bd6 6. Bd3 O-O 7. Qc2 Nc6 8. a3
dxc4 9. Bxc4 Kh8 10. Ng5 Qe7 11. Nf3 e5 12. dxe5 Nxe5 13. Nxe5 Bxe5 14. Qe2 Bd7
15. Bd2 Bc6 16. f3 a6 17. Bd3 Nd5 18. Nxd5 Bxd5 19. Rb1 Rad8 20. Bc4 Qh4+ 0-1

[Event "Women's Speed Chess Q2"]
[Site "chess.com INT"]
[Date "2020.06.19"]
[Round "4"]
[White "Rivera, Ingris"]
[Black "Chirivi C, Angie Lizeth"]
[Result "0-1"]
[WhiteTitle "WIM"]
[BlackTitle "WFM"]
[WhiteElo "2249"]
[BlackElo "1999"]
[WhiteFideId "4402472"]
[BlackFideId "4402421"]
[EventDate "2020.06.19"]

1. d4 Nf6 2. c4 g6 3. Nc3 d5 4. cxd5 Nxd5 5. e4 Nxc3 6. bxc3 Bg7 7. Bg5 h6 8.
Be3 O-O 9. Rc1 c5 10. Nf3 Nc6 11. d5 Ne5 12. Nxe5 Bxe5 13. Bxh6 Re8 14. Be2 e6 0-1

[Event "Women's Speed Chess Q2"]
[Site "chess.com INT"]
[Date "2020.06.19"]
[Round "4"]
[White "Bartel, Marta"]
[Black "Maltsevskaya, Aleksandra"]
[Result "0-1"]
[WhiteTitle "WGM"]
[BlackTitle "WGM"]
[WhiteElo "2192"]
[BlackElo "2272"]
[WhiteFideId "1123009"]
[BlackFideId "24174041"]
[EventDate "2020.06.19"]

1. d4 Nf6 2. Nf3 g6 3. c4 Bg7 4. Nc3 O-O 5. Bg5 d6 6. e3 a6 7. Be2 c6 8. Qc2 b5
9. b3 Nbd7 10. O-O Bb7 11. Rfd1 Rc8 12. Rac1 Qa5 13. Qd2 Rfe8 14. h3 b4 15. Na4
Ne4 16. Qe1 Nxg5 17. Nxg5 Qxg5 18. c5 a5 19. cxd6 exd6 20. Bg4 Rcd8 21. Qe2 h5
22. Bxd7 Rxd7 23. Qc4 c5 24. d5 Rde7 25. Nb6 h4 26. Qb5 Bc3 27. Qxa5 Rxe3 28.
fxe3 Rxe3 29. Kh1 Re2 30. Rg1 Be5 31. Nc4 Bxd5 0-1

[Event "Women's Speed Chess Q2"]
[Site "chess.com INT"]
[Date "2020.06.19"]
[Round "4"]
[White "Mamedjarova, Turkan"]
[Black "Harika, Dronavalli"]
[Result "1-0"]
[WhiteTitle "WGM"]
[BlackTitle "GM"]
[WhiteElo "2309"]
[BlackElo "2515"]
[WhiteFideId "13402005"]
[BlackFideId "5015197"]
[EventDate "2020.06.19"]

1. d4 Nf6 2. c4 d6 3. Nc3 e5 4. d5 Be7 5. e4 a5 6. Nf3 O-O 7. Be2 Na6 8. h3 Nc5
9. Qc2 Ne8 10. g4 c6 11. Be3 Nc7 12. Bxc5 dxc5 13. Nxe5 Bf6 14. Nf3 cxd5 15.
cxd5 Re8 16. O-O-O Bd7 17. Rhe1 Bxc3 18. bxc3 b5 19. e5 b4 20. e6 fxe6 21. dxe6
Nxe6 22. Bc4 Qe7 23. Rxd7 Qxd7 24. Ng5 g6 25. Rxe6 Kh8 26. Qe4 Rad8 27. Qe5+ Qg7
28. Rxe8+ 1-0

[Event "Women's Speed Chess Q2"]
[Site "chess.com INT"]
[Date "2020.06.19"]
[Round "4"]
[White "Foisor, Sabina-Francesca"]
[Black "Khomeriki, Nino"]
[Result "0-1"]
[WhiteTitle "WGM"]
[BlackTitle "WGM"]
[WhiteElo "2228"]
[BlackElo "2319"]
[WhiteFideId "1212915"]
[BlackFideId "13603191"]
[EventDate "2020.06.19"]

1. d4 Nf6 2. c4 e6 3. Nf3 d5 4. Bg5 Bb4+ 5. Nbd2 h6 6. Bxf6 Qxf6 7. e3 O-O 8. a3
Bd6 9. c5 Be7 10. e4 Nc6 11. e5 Qg6 12. Qb3 f6 13. exf6 Bxf6 14. Bd3 Qh5 15. Qc3
e5 16. dxe5 Nxe5 17. Nxe5 Bxe5 18. Qc2 Bd4 19. Nf3 Rxf3 20. gxf3 Qxf3 21. Rg1
Bd7 22. Rg3 Re8+ 23. Kf1 Qh1+ 24. Rg1 Bh3# 0-1

[Event "Women's Speed Chess Q2"]
[Site "chess.com INT"]
[Date "2020.06.19"]
[Round "4"]
[White "Franco Valencia, Beatriz Irene"]
[Black "Kantane, Anna"]
[Result "1-0"]
[WhiteTitle "WGM"]
[BlackTitle "WIM"]
[WhiteElo "2103"]
[BlackElo "2252"]
[WhiteFideId "4402618"]
[BlackFideId "1135988"]
[EventDate "2020.06.19"]

1. d4 Nf6 2. c4 c5 3. d5 e6 4. Nc3 exd5 5. cxd5 d6 6. e4 g6 7. Nf3 Bg7 8. Nd2
O-O 9. Be2 Nbd7 10. O-O Ne5 11. h3 g5 12. Nc4 Nxc4 13. Bxc4 Nd7 14. Qh5 Ne5 15.
Be2 f5 16. Bxg5 Qb6 17. Rab1 fxe4 18. Nxe4 Bf5 19. f3 c4+ 20. Kh1 Bxe4 21. fxe4
Rxf1+ 22. Rxf1 Qxb2 23. Bg4 Nd3 24. Be6+ Kh8 25. Bf5 h6 26. Qg6 Nf2+ 27. Rxf2
Qa1+ 28. Kh2 Be5+ 29. Bf4 1-0

[Event "Women's Speed Chess Q2"]
[Site "chess.com INT"]
[Date "2020.06.19"]
[Round "4"]
[White "Zhao, Xue"]
[Black "Osmanodja, Filiz"]
[Result "1-0"]
[WhiteTitle "GM"]
[BlackTitle "WGM"]
[WhiteElo "2486"]
[BlackElo "2293"]
[WhiteFideId "8601283"]
[BlackFideId "24633569"]
[EventDate "2020.06.19"]

1. Nf3 c5 2. e3 d5 3. b3 Nf6 4. Bb2 e6 5. g3 Bd6 6. Bg2 O-O 7. O-O Nc6 8. c4 e5
9. cxd5 Nxd5 10. Nc3 Ndb4 11. d3 Bc7 12. Ne1 Bf5 13. Ne4 Qe7 14. a3 Nd5 15. Rc1
Rad8 16. Nxc5 Bb6 17. b4 Bg6 18. Qb3 Nc7 19. Nxb7 Nb8 20. Nxd8 Rxd8 21. d4 exd4
22. Bxd4 Bxd4 23. exd4 Rxd4 24. Nf3 Rd8 25. Rfe1 Qd7 26. Red1 Qc8 27. Rxd8+ Qxd8
28. Ne5 Bf5 29. Qf3 Be6 30. Qb7 Nba6 31. Nc6 Qd2 32. Rf1 h5 33. b5 Bc4 34. Qc8+
Kh7 35. bxa6 Bxf1 36. Qf5+ 1-0

[Event "Women's Speed Chess Q2"]
[Site "chess.com INT"]
[Date "2020.06.19"]
[Round "4"]
[White "Shuqja, Klean"]
[Black "Gomez Barrera, Javiera Belen"]
[Result "0-1"]
[WhiteTitle "WCM"]
[BlackTitle "WIM"]
[WhiteElo "1838"]
[BlackElo "2083"]
[WhiteFideId "4701585"]
[BlackFideId "3418723"]
[EventDate "2020.06.19"]

1. b3 Nc6 2. Bb2 e5 3. e3 Nf6 4. Bb5 d6 5. c4 Bd7 6. Nc3 a6 7. Bxc6 Bxc6 8. Nf3
Be7 9. O-O O-O 10. h3 Re8 11. d4 exd4 12. Nxd4 Bd7 13. Qd3 Bf8 14. Rac1 Qc8 15.
Nd5 Nxd5 16. cxd5 Re5 17. Nf3 Rh5 18. Qc2 Bxh3 19. Qxc7 Qg4 20. Ne1 Bxg2 21.
Nxg2 Rg5 0-1